000 00345nam a2200133Ia 4500
005 20251222143138.0
008 251222s9999||||xx |||||||||||||| ||spa||
082 _a657.3/F43/T.I
100 _aFerrer Quea, Alejandro
245 0 _aEstados Financieros en Época de Inflación
250 _a2a.ed.
264 _bEstudio Ferrer Quea
942 _cLIB
999 _c12174
_d12174